Văn học đổi mới và giao lưu văn hóa
Đã lưu trong:
| 主要作者: | |
|---|---|
| 格式: | 圖書 |
| 出版: |
H.
Chính trị quốc gia
1997
|
| 標簽: |
添加標簽
沒有標簽, 成為第一個標記此記錄!
|
| Thư viện lưu trữ: | Trung tâm Học liệu Lê Vũ Hùng, Trường Đại học Đồng Tháp |
|---|
| LEADER | 00688pam a22002178a 4500 | ||
|---|---|---|---|
| 001 | 00000125 | ||
| 005 | 20171026081022.0 | ||
| 008 | 110317s1997 ||||||Viesd | ||
| 020 | |c 9500 |d 1 | ||
| 041 | 0 | # | |a Vie |
| 082 | 1 | 4 | |a 895.922 07 |b V115H |
| 100 | 0 | # | |a Phan Cự Đệ |
| 245 | 0 | 0 | |a Văn học đổi mới và giao lưu văn hóa |c Phan Cự Đệ |
| 260 | # | # | |a H. |b Chính trị quốc gia |c 1997 |
| 300 | # | # | |a 135 tr. |c 19 cm |
| 852 | # | # | |b Kho mượn |j KM.0005862 |
| 852 | # | # | |b Kho đọc |j KD.0000037 |
| 852 | # | # | |j KD.0000037 |j KM.0005862 |
| 910 | |d 17/03/2011 | ||
| 980 | # | # | |a Trung tâm Học liệu Lê Vũ Hùng, Trường Đại học Đồng Tháp |